Hacia un desarrollo sostenible y equitativo : (Registro nro. 7943)

Detalles MARC
000 -LEADER
fixed length control field 00967nam a2200193Ia 4500
003 - CONTROL NUMBER IDENTIFIER
control field OSt
005 - DATE AND TIME OF LATEST TRANSACTION
control field 20210603140618.0
008 - FIXED-LENGTH DATA ELEMENTS--GENERAL INFORMATION
fixed length control field 210310s2003 eu gr 000 0 spa d
040 ## - CATALOGING SOURCE
Original cataloging agency CO-JMCR
Transcribing agency CO-JMCR
041 0# - LANGUAGE CODE
Language code of text/sound track or separate title spa
082 04 - DEWEY DECIMAL CLASSIFICATION NUMBER
Classification number 333.715 /
Item number B213h
Edition number 23
110 2# - MAIN ENTRY--CORPORATE NAME
Corporate name or jurisdiction name as entry element Banco Interamericano de Desarrollo
9 (RLIN) 6750
245 10 - TITLE STATEMENT
Title Hacia un desarrollo sostenible y equitativo :
Remainder of title estrategias sectoriales para américa Latina y el Caribe /
Statement of responsibility, etc. Banco Interamericano de Desarrollo
260 ## - PUBLICATION, DISTRIBUTION, ETC.
Place of publication, distribution, etc. Washington :
Name of publisher, distributor, etc. Banco Interamericano de Desarrollo,
Date of publication, distribution, etc. 2003
300 ## - PHYSICAL DESCRIPTION
Extent 314 páginas :
Other physical details ilustraciones y gráficas a color ;
Dimensions 28 cm.
505 0# - FORMATTED CONTENTS NOTE
Formatted contents note Hacia un desarrollo sostenido y equitativo -- Crecimiento económico sustentable -- Reducción de la pobreza y promoción de la equidad social -- Modernización del Estado -- Desarrollo social -- Competitividad -- Integración regional -- Medio ambiente
650 14 - SUBJECT ADDED ENTRY--TOPICAL TERM
Topical term or geographic name entry element Desarrollo sostenible
9 (RLIN) 15887
Geographic subdivision América Latina
942 ## - ADDED ENTRY ELEMENTS (KOHA)
Source of classification or shelving scheme Dewey Decimal Classification
Koha item type Books
Existencias
Withdrawn status Lost status Source of classification or shelving scheme Damaged status Not for loan Collection code Home library Current library Date acquired Source of acquisition Full call number Barcode Date last seen Copy number Koha item type
    Dewey Decimal Classification     Non-fiction Biblioteca Pública José María del Castillo y Rada Biblioteca Pública José María del Castillo y Rada 04/15/2018 Donación 333.715 / B213h 430003608 05/16/2024 Ej.1 Books